<?xml version="1.0" encoding="UTF-8"?>
<marc:record xmlns:marc="http://www.loc.gov/MARC21/slim">
   <marc:leader>00000nam a2200000 a 4500</marc:leader>
   <marc:datafield ind1="1" ind2=" " tag="100">
      <marc:subfield code="a">Erlhoff, Kari</marc:subfield>
      <marc:subfield code="4">aut</marc:subfield>
      <marc:subfield code="e">Verfasser/-in</marc:subfield>
   </marc:datafield>
   <marc:datafield ind1=" " ind2=" " tag="653">
      <marc:subfield code="a">Die drei ???</marc:subfield>
   </marc:datafield>
   <marc:datafield ind1=" " ind2=" " tag="653">
      <marc:subfield code="a">Englisch</marc:subfield>
   </marc:datafield>
   <marc:datafield ind1=" " ind2=" " tag="653">
      <marc:subfield code="a">Pons</marc:subfield>
   </marc:datafield>
   <marc:datafield ind1="0" ind2="0" tag="245">
      <marc:subfield code="a">Arctic Adventure</marc:subfield>
   </marc:datafield>
   <marc:datafield ind1="0" ind2="0" tag="245">
      <marc:subfield code="c">Erlhoff, Kari</marc:subfield>
   </marc:datafield>
   <marc:datafield ind1=" " ind2="1" tag="264">
      <marc:subfield code="a">Stuttgart</marc:subfield>
      <marc:subfield code="b">PONS Langenscheidt GmbH</marc:subfield>
      <marc:subfield code="c">2025</marc:subfield>
   </marc:datafield>
   <marc:datafield ind1=" " ind2=" " tag="250">
      <marc:subfield code="a">1. Auflage</marc:subfield>
   </marc:datafield>
   <marc:datafield ind1="1" ind2=" " tag="520">
      <marc:subfield code="a">Die drei ??? auf Spurensuche&#xD;
&#xD;
Arktische Stürme, Bären und Wölfe – die Nordic Wilderness Challenge ist eines der härtesten Schlittenhunderennen der Welt. Als die drei ??? von der Journalistin Carol Ford um Hilfe bei ihrer Reportage gebeten werden, sagen sie begeistert zu. Doch dann passieren mysteriöse Unfälle auf dem Trail! Als es zu einem ernsthaften Zwischenfall auf einem zugefrorenen Fluss kommt, ist schnell klar: Die drei ??? müssen schnell handeln, damit dieses Abenteuer nicht ihr letztes ist …&#xD;
&#xD;
&#xD;
Englisch lernen mit Justus, Peter und Bob&#xD;
&#xD;
&#xD;
Tauche in ein spannendes Abenteuer der drei ??? ein und lerne mit den Übersetzungshilfen viele neue Vokabeln.&#xD;
Ab dem 3. Lernjahr&#xD;
Trainiere Wortschatz, Verständnis und Grammatik mit zahlreichen Detektivübungen.&#xD;
Mit Scan2 Learn-App zum Buch: Höre die ganze Story als Hörbuch an.</marc:subfield>
   </marc:datafield>
   <marc:datafield ind1=" " ind2=" " tag="020">
      <marc:subfield code="a">9783120101710</marc:subfield>
      <marc:subfield code="9">9783120101710</marc:subfield>
   </marc:datafield>
   <marc:datafield ind1=" " ind2=" " tag="020">
      <marc:subfield code="a">3120101710</marc:subfield>
      <marc:subfield code="9">3120101710</marc:subfield>
   </marc:datafield>
   <marc:datafield ind1=" " ind2=" " tag="041">
      <marc:subfield code="a">ger</marc:subfield>
   </marc:datafield>
   <marc:datafield ind1="1" ind2=" " tag="521">
      <marc:subfield code="a">Kind</marc:subfield>
   </marc:datafield>
   <marc:datafield ind1=" " ind2=" " tag="338">
      <marc:subfield code="a">Band</marc:subfield>
   </marc:datafield>
   <marc:datafield ind1=" " ind2=" " tag="300">
      <marc:subfield code="a">121 Seiten</marc:subfield>
   </marc:datafield>
</marc:record>
